00892cam a22002531 45000010005000000030008000050050017000130080039000300350018000690400031000870410008001180820022001261000026001482450090001742600039002643000043003034900036003465040030003826000035004126500022004479420012004699990015004819520142004961670BD-RjUL20211208233402.0131208s1965 cauac b 000 0 eng a(BD-RjUL)1697 aDLCcWadDLCdBD-RjULbeng aeng00a612.843bRAM 19651 aRatliff, Floyd.9553210aMach bands :bquantitative studies on neural networks in the retina /cFloyd Ratliff. aSan Francisco,bHolden-Day,c1965. axii, 365 p. :billus., port. ;c24 cm.0 aHolden-Day series in psychology aBibliography: p. 333-349.10aMach, Ernst,d1838-1916.95550 0aMach bands.95534 2ddccBK c1670d1670 00102ddc40718NFICaRUCLbRUCLcReadingd1972-01-13eZeitlingerg172.00l0o612.843 RAM 1965r2013-12-08 00:00:00tC-1w2021-12-08yBK